Como conocí a vuestra madre - Parejas de Ted Mosby - Estadísticas

Estadísticas generales
  • Esta prueba ha sido intentada 54 veces
  • La puntuación promedio es 8 de 32
Estadísticas de respuestas
Hint Respuesta % Correcto
Con la que siempre quiso estar Robin
98%
Le dejó en el altar Stella
83%
La pastelera Victoria
79%
Su mujer Tracy
76%
Ex mujer del capitán Zoey
55%
Novia de universidad, siempre le engañaba Karen
48%
La conoció jugando al World of Warcraft Bla Bla
45%
Última pareja antes de conocer a su mujer Jeanette
24%
Barney le dijo que era prostituta Mary
24%
Tienen una cita a ciegas, y se dan cuenta de que tuvieron otra 7 años antes Jen
21%
Prima de la exmujer del Capitán (Oh...) Cariño
19%
Compañera de Robin (Barcos, barcos, barcos) Becky
17%
Convenció a Ted de hacerse un tatuaje Amy
14%
Acuerda con ella no buscar acerca del otro en Internet (Escaló el Everest, donó un riñón...) Janet
14%
Rompe con ella dos veces en su cumpleaños con un mensaje en el contestador Natalie
14%
Dejó una piña en su cuarto y escapó por la ventana Trudy
14%
Le tiró pintura a un cocinero por cocinar carne Fresa
12%
Calabaza putilla Naomi
12%
Ted le hizo "El hombre desnudo" Vicky
12%
Arruinó el cumpleaños de Lily Amanda
10%
Media hermana de Barney Carly
7%
Hablaba demasiado Cathy
7%
Compañera de piso de la mujer de Ted Cindy
7%
Una de las tres chicas con las que Barney organizó una cita por Internet Holly
7%
Con la que perdió la virginidad Molly
7%
Una de las tres chicas con las que Barney organizó una cita por Internet Robyn
7%
Apuesta con Barney Stacey
7%
Una de las tres chicas con las que Barney organizó una cita por Internet Lizbeth
5%
Actriz porno durante un mes Steph
5%
Con 16 años atropelló a un autoestopista y dio a la fuga Jackie
2%
Amiga de Robin que conoce en la discoteca Kelly
2%
Compañera de trabajo de Ted Marybeth
2%
No se encontraron pruebas coincidentes
Distribución de puntuación
Porcentaje de gente con cada puntuación
Porcentaje por número respondido
Historial de tus puntuaciones
No has intentado esta prueba.